Byl jsem nablízku /

Hlavní autor: Lukeš, František, 1921-1998
Jazyk: Čeština
Vydáno: Kostelní Vydří : Karmelitánské nakladatelství, 2013
Vydání: Vyd. 4., V KNA 1.
Témata:
Fyzický popis: 92 s. ; 18 cm
Knihy
Uloženo v:
LEADER 02202nam a2200577 a 4500
001 nkc20122432819
003 CZ PrNK
005 20130418140705.0
007 ta
008 121213s2013 xr e 000 1ccze
015 |a cnb002432819 
020 |a 978-80-7195-665-5  |q (brož.) 
035 |a (OCoLC)837502438 
040 |a ABA001  |b cze  |d BOA001 
043 |a e-xr--- 
045 |a x-x- 
072 7 |a 27  |x Křesťanství. Křesťanská církev všeobecně. Eklesiologie  |2 Konspekt  |9 5 
072 7 |a 929  |x Biografie  |2 Konspekt  |9 8 
080 |a 272-726.3  |2 MRF 
080 |a 7.071  |2 MRF 
080 |a 929  |2 MRF 
080 |a 27-46  |2 MRF 
080 |a 27-662:3  |2 MRF 
080 |a 27-662:316.74  |2 MRF 
080 |a (437.3)  |2 MRF 
080 |a (0:82-94)  |2 MRF 
100 1 |a Lukeš, František,  |d 1921-1998  |7 jk01072618  |4 aut 
245 1 0 |a Byl jsem nablízku /  |c František Lukeš 
250 |a Vyd. 4., V KNA 1. 
260 |a Kostelní Vydří :  |b Karmelitánské nakladatelství,  |c 2013 
300 |a 92 s. ;  |c 18 cm 
600 1 7 |a Lukeš, František,  |d 1921-1998  |7 jk01072618  |2 czenas 
600 1 7 |a Svolinský, Karel,  |d 1896-1986  |7 jk01122138  |2 czenas 
648 7 |a 20. století  |7 ch460558  |2 czenas 
650 0 7 |a katoličtí kněží  |7 ph114899  |z Česko  |y 20. stol.  |2 czenas 
650 0 7 |a umělci  |7 ph116527  |z Česko  |y 20. stol.  |2 czenas 
650 0 7 |a pastorace  |7 ph123988  |z Česko  |y 20. stol.  |2 czenas 
650 0 7 |a křesťanství a společnost  |7 ph138510  |z Česko  |y 20. stol.  |2 czenas 
650 0 7 |a křesťanství a kultura  |7 ph115078  |z Česko  |y 20. stol.  |2 czenas 
650 0 9 |a Catholic priests  |z Czechia  |y 20th century  |2 eczenas 
650 0 9 |a artists  |z Czechia  |y 20th century  |2 eczenas 
650 0 9 |a pastoral care  |z Czechia  |y 20th century  |2 eczenas 
650 0 9 |a Christianity and civilization  |z Czechia  |y 20th century  |2 eczenas 
650 0 9 |a Christianity and culture  |z Czechia  |y 20th century  |2 eczenas 
655 7 |a autobiografické vzpomínky  |7 fd131854  |2 czenas 
655 9 |a autobiographical reminiscences  |2 eczenas 
910 2 |a BOA001  |b 1-1301.147 
990 |a BK 
995 |a 01 
991 |b 201303  |c NOV  |e n 
996 6 |b 2610540913  |c 1-1301.147  |l MZK  |r Sklad / do 1 hodiny  |n 1  |p p.v.  |w 001315591  |u 000010  |a 1  |e BOA001  |j MZK50  |s P